| 000 | 00466nam a2200181Ia 4500 | ||
|---|---|---|---|
| 005 | 20240528043432.0 | ||
| 008 | 240331s9999 xx 000 0 und d | ||
| 082 |
_bDES _a338.9 |
||
| 100 | _aDe Silva, G.V.S | ||
| 245 | 4 | _aThe alternatives socialism or barbarism | |
| 250 | _a1 st | ||
| 260 |
_aSri Lanka _b Social Scientists Association _c1988 |
||
| 300 | _a300 p ., | ||
| 650 | _aEconomy | ||
| 650 | _aSocial | ||
| 700 |
_aAbeysekera, Charles _eedt |
||
| 942 | _cL | ||
| 999 |
_c2779 _d2779 |
||